[Event "Challenge"]
[Site "http://www.queenalice.com/game.php?id=1613513"]
[Date "2020.5.23"]
[Round "-"]
[White "Jules2006"]
[Black "Clement0309"]
[Result "0-1"]
[WhiteElo "1552"]
[BlackElo "1475"]

1. e4 g6 2. Bc4 Nh6 3. Bb3 Bg7 4. Qe2 O-O 5. a4 Nc6 6. Qe3 d6 7. f3 Bd7 8. g4
Bf6 9. g5 Bxg5 10. Qxg5 Kg7 11. h4 Nd4 12. Bd5 Nxc2+ 13. Kd1 Nxa1 14. Bxb7 Rb8
15. Ba6 Bxa4+ 16. Ke2 Bc2 17. Nc3 Rb6 18. Bd3 Bb3 19. h5 Nc2 20. hxg6 fxg6 21.
Rxh6 Nd4+ 22. Ke3 Ne6 23. Qh4 Rb4 24. e5 Rxh4 25. Rxh4 dxe5 26. Rg4 Rf6 27. Ne4
Rf5 28. Nh3 Rh5 29. Nhg5 Rh1 30. Nxe6+ Bxe6 31. Ng5 Bb3 32. Re4 Rxc1 33. Rxe5 h5
34. Ne6+ Bxe6 35. Rxe6 h4 36. Kf2 Qxd3 37. Re3 Qf5 38. Re1 Rc2 39. Rh1 Rxb2 40.
Rxh4 Rxd2+ 41. Ke3 Qd3+ 42. Kf4 Rf2 43. Kg3 Qxf3# 0-1

[Event "Challenge"]
[Site "http://www.queenalice.com/game.php?id=1613514"]
[Date "2020.5.23"]
[Round "-"]
[White "sylvainl1855"]
[Black "Clement0309"]
[Result "1-0"]
[WhiteElo "1443"]
[BlackElo "1484"]

1. e3 g6 2. f4 Nh6 3. b4 Bg7 4. c3 O-O 5. g3 d6 6. Bg2 Bg4 7. Bf3 Bf5 8. Bxb7
Nd7 9. Bxa8 Qxa8 10. Nf3 Be4 11. Rf1 Ng4 12. h3 Nh2 13. Nxh2 Nb6 14. d3 Bg2 15.
Rf2 Bxh3 16. e4 Be6 17. Bb2 Na4 18. Qxa4 Rb8 19. Qa6 Bd7 20. Qc4 Rc8 21. f5 Rb8
22. Qxc7 Rd8 23. Qc4 Bh6 24. fxg6 Rf8 25. Rxf7 Rc8 26. gxh7+ Kh8 27. Qd4+ Bg7
28. Qxg7# 1-0

[Event "Challenge"]
[Site "http://www.queenalice.com/game.php?id=1613658"]
[Date "2020.5.24"]
[Round "-"]
[White "Jules2006"]
[Black "Clement0309"]
[Result "1-0"]
[WhiteElo "1533"]
[BlackElo "1494"]

1. e4 e5 2. c3 g6 3. Qb3 Nh6 4. f3 Bg7 5. g4 Bf6 6. d3 Bg7 7. g5 Ng8 8. Qc4 f6
9. Be2 d6 10. Bd1 Ne7 11. gxf6 Bxf6 12. Bb3 Bh4+ 13. Ke2 Nec6 14. Qf7# 1-0

[Event "Challenge"]
[Site "http://www.queenalice.com/game.php?id=1613661"]
[Date "2020.5.24"]
[Round "-"]
[White "Jules2006"]
[Black "Clement0309"]
[Result "0-1"]
[WhiteElo "1547"]
[BlackElo "1480"]

1. e4 g6 2. c3 Nh6 3. Qe2 Bg7 4. f3 O-O 5. g4 Bf6 6. d3 Kg7 7. g5 Bxg5 8. Bxg5
d6 9. Qe3 f6 10. Bxh6+ Kg8 11. Bxf8 Kxf8 12. Qh6+ Kg8 13. Bh3 Bxh3 14. Nxh3 Nc6
15. Nf4 Na5 16. a3 Nb3 17. Ne6 Qd7 18. Nf8 Rxf8 19. Ra2 Qb5 20. Rg1 Qxd3 21. Nd2
Nc1 22. Ra1 Qe2# 0-1

[Event "Challenge"]
[Site "http://www.queenalice.com/game.php?id=1613954"]
[Date "2020.5.26"]
[Round "-"]
[White "Jules2006"]
[Black "Clement0309"]
[Result "1-0"]
[WhiteElo "1528"]
[BlackElo "1499"]

1. c3 b6 2. e4 g6 3. Qb3 Nh6 4. Qb5 Na6 5. Bc4 Bb7 6. Bb3 Bg7 7. Qc4 O-O 8. f4
Nc5 9. e5 Ba6 10. Qb4 Nd3+ 11. Kd1 Nxb4 12. cxb4 Ng4 13. Kc2 Bh6 14. Nh3 Bb7 15.
Rd1 Bxg2 16. Ng1 Bxf4 17. Ne2 Bxe5 18. Rg1 Be4+ 19. d3 Bf5 20. Ng3 Bxg3 21. Rxg3
Nxh2 22. Bg5 Nf1 23. Rf3 Nh2 24. Re3 Ng4 25. Re2 Nf6 26. Nc3 a5 27. Nb5 axb4 28.
Bf4 Rc8 29. Kd1 Bxd3 30. Rd2 Bxb5 31. Rc1 h5 32. Rdc2 Qe8 33. Bxc7 h4 34. Bf4
Ra8 35. Bh6 h3 36. Bxf8 Ng4 37. Kd2 h2 38. Bd5 Nf2 39. Bxa8 Qxa8 40. Bxe7 h1=Q
41. Rxh1 Nxh1 42. Rc1 Qxa2 43. Bf6 b3 44. Rxh1 Qa5+ 45. Bc3 Qa8 46. Rh8# 1-0

[Event "Challenge"]
[Site "http://www.queenalice.com/game.php?id=1614062"]
[Date "2020.5.27"]
[Round "-"]
[White "Jules2006"]
[Black "Clement0309"]
[Result "0-1"]
[WhiteElo "1508"]
[BlackElo "1466"]

1. c3 b6 2. e3 Na6 3. Qb3 Nh6 4. Bc4 Bb7 5. f3 g6 6. g4 Bg7 7. g5 Nf5 8. Bxf7+
Kf8 9. e4 Nd6 10. Bd5 Nc5 11. Qb4 Nd3+ 12. Ke2 Nxb4 13. Bxb7 Nxb7 14. a3 Nc2 15.
Ra2 Be5 16. d3 Bd6 17. c4 Nd4+ 18. Ke3 Bc5 19. b4 Nb3+ 20. Ke2 Nxc1+ 21. Kd2
Nxa2 22. bxc5 Nxc5 23. d4 Nb3+ 24. Kc2 Nxd4+ 25. Kb2 Ne2 26. Nxe2 Qe8 27. Kxa2
Qf7 28. Nd2 e6 29. c5 bxc5 30. Kb3 Rb8+ 31. Kc3 d5 32. exd5 exd5 33. Kd3 Rb2 34.
Rb1 Ra2 35. Rc1 Rxa3+ 36. Rc3 Ra5 37. Nb3 Rb5 38. Nxc5 Rb1 39. Nb3 Rh1 40. Ng3
Rxh2 41. Nf1 Rh5 42. Kd4 Rxg5 43. f4 Qxf4+ 44. Kd3 Qxf1+ 45. Kd4 Qf4+ 46. Kd3
Rg3+ 47. Kc2 Qf2+ 48. Nd2 Rg2 49. Rd3 h5 50. Rxd5 h4 51. Rd8+ Kg7 52. Rxh8 Kxh8
53. Kc3 Qxd2+ 54. Kc4 Rg5 55. Kb3 Qf4 56. Kb2 Rg3 57. Kb1 Qf2 58. Kc1 h3 59. Kd1
h2 60. Kc1 h1=Q# 0-1

[Event "Challenge"]
[Site "http://www.queenalice.com/game.php?id=1614297"]
[Date "2020.5.28"]
[Round "-"]
[White "Jules2006"]
[Black "Clement0309"]
[Result "0-1"]
[WhiteElo "1490"]
[BlackElo "1484"]

1. e3 e5 2. c3 b6 3. Qb3 Qe7 4. Bb5 Na6 5. Qa3 Bb7 6. Bxa6 O-O-O 7. Bxb7+ Kxb7
8. d4 e4 9. b4 g6 10. c4 Bh6 11. c5 bxc5 12. dxc5 Nf6 13. f3 exf3 14. gxf3 Nd5
15. Ke2 Rde8 16. f4 Qe6 17. e4 Nxf4+ 18. Kf3 Qxe4+ 19. Kf2 Nd3+ 20. Kf1 Qe1+ 21.
Kg2 Nf4+ 22. Kf3 Re7 23. Bxf4 Bxf4 24. Kxf4 Rhe8 25. Nf3 Qxh1 26. b5 c6 27. b6
axb6 28. cxb6 Re3 29. Ng5 Rxa3 30. Nxf7 Qe4+ 31. Kg5 Kxb6 32. Nxa3 d5 33. Nd6
Qe7+ 34. Kh6 Qxd6 35. Nc4+ dxc4 36. Kxh7 Qd2 37. a4 Kc5 38. a5 c3 39. a6 c2 40.
Ra5+ Qxa5 41. Kxg6 c1=Q 42. h4 Qxa6 43. h5 Rf8 44. h6 Qg1+ 45. Kh5 Qe2+ 46. Kh4
Qeh2# 0-1

[Event "Challenge"]
[Site "http://www.queenalice.com/game.php?id=1614364"]
[Date "2020.5.29"]
[Round "-"]
[White "Jules2006"]
[Black "Clement0309"]
[Result "0-1"]
[WhiteElo "1474"]
[BlackElo "1500"]

1. e3 b6 2. g3 Na6 3. Bg2 Bb7 4. Bxb7 Rb8 5. Bxa6 g6 6. b3 Bg7 7. d4 Nh6 8. g4
Nxg4 9. Qxg4 O-O 10. Na3 h5 11. Qh3 g5 12. Bb5 g4 13. Qxh5 e6 14. Qxg4 f5 15.
Qh5 c6 16. Bd3 Rf6 17. e4 Rh6 18. Bxh6 fxe4 19. Bxe4 Qf6 20. Bg5 Qxd4 21. Ne2
Qxa1+ 22. Bc1 Rf8 23. Kf1 Qf6 24. Nc4 Qxf2# 0-1

[Event "Challenge"]
[Site "http://www.queenalice.com/game.php?id=1614964"]
[Date "2020.6.2"]
[Round "-"]
[White "Clement0309"]
[Black "Jules2006"]
[Result "1-0"]
[WhiteElo "1515"]
[BlackElo "1449"]

1. e4 g6 2. Bc4 Bg7 3. Qf3 Nh6 4. Nh3 e6 5. O-O c6 6. d3 d5 7. exd5 cxd5 8. Bb3
f5 9. Ng5 Bf6 10. Nxe6 Bxe6 11. Bxh6 Bxb2 12. Re1 Ke7 13. Bxd5 Qxd5 14. Qxd5 Re8
15. Qxe6+ Kd8 16. Qd6+ Nd7 17. Bg5+ Kc8 18. Rxe8# 1-0

[Event "Challenge"]
[Site "http://www.queenalice.com/game.php?id=1615065"]
[Date "2020.6.3"]
[Round "-"]
[White "Clement0309"]
[Black "Jules2006"]
[Result "1-0"]
[WhiteElo "1528"]
[BlackElo "1420"]

1. e4 e5 2. Bc4 Nh6 3. Nf3 Qe7 4. Nc3 Qc5 5. O-O Be7 6. d3 Bh4 7. Be3 Qe7 8. Nd5
Qe6 9. Nxc7+ Kd8 10. Nxe6+ Ke7 11. Bc5+ Kf6 12. Nc7 Ng4 13. Nxa8 Bxf2+ 14. Bxf2
Nxf2 15. Rxf2 b6 16. Qd2 Ke7 17. Qg5+ f6 18. Qxg7+ Kd8 19. Qxh8+ Ke7 20. Qxh7+
Kd8 21. Nh4 Nc6 22. Rxf6 Ne7 23. Rf8# 1-0

[Event "Challenge"]
[Site "http://www.queenalice.com/game.php?id=1615066"]
[Date "2020.6.3"]
[Round "-"]
[White "Jules2006"]
[Black "Clement0309"]
[Result "1-0"]
[WhiteElo "1426"]
[BlackElo "1540"]

1. g3 e6 2. Bg2 Bc5 3. Nh3 Qf6 4. f4 Qd4 5. c3 Qf6 6. Nf2 Nh6 7. h3 O-O 8. b4
Bb6 9. Ba3 d6 10. b5 Bd7 11. c4 Qxa1 12. c5 dxc5 13. Qc1 Qf6 14. Bxb7 Bxb5 15.
Bxa8 Rd8 16. Bxc5 Bxc5 17. Qxc5 Qb2 18. Nc3 Qxd2+ 19. Kf1 Bxe2+ 20. Kg2 Na6 21.
Qxa7 Nf5 22. Nfe4 Ne3+ 23. Kh2 Qb2 24. Na4 Qxa2 25. Nac3 Qc4 26. Rc1 Rd3 27.
Nxe2 Qxe4 28. Qxa6 Qg2+ 29. Bxg2 Rd2 30. Rxc7 h6 31. Qa8+ Kh7 32. Be4+ f5 33.
Bc6 Rxe2+ 34. Kg1 Re1+ 35. Kf2 Nc2 36. Be8 Rc1 37. Bf7 g6 38. Qe8 g5 39. Bg6#
1-0

[Event "Challenge"]
[Site "http://www.queenalice.com/game.php?id=1615354"]
[Date "2020.6.6"]
[Round "-"]
[White "Clement0309"]
[Black "Jules2006"]
[Result "1-0"]
[WhiteElo "1500"]
[BlackElo "1458"]

1. g3 g5 2. Nh3 Bg7 3. Bg2 d6 4. Nxg5 a5 5. Bd5 e6 6. Bb3 b6 7. O-O Bb7 8. f4
Qd7 9. e3 Qc6 10. Nf3 f6 11. Qe2 Ba6 12. d3 f5 13. Bxe6 Nh6 14. Bd2 Bxb2 15. Nc3
Bxa1 16. Rxa1 Bb7 17. Rf1 Qa4 18. Nxa4 Ng4 19. Bxf5 Nh6 20. Ng5 Nxf5 21. Rf3
Bxf3 22. Nxf3 Rg8 23. Be1 Rh8 24. Nc3 Nc6 25. Ne4 O-O-O 26. Nfg5 Rdf8 27. Ne6
Rf6 28. Nxf6 Ne5 29. fxe5 dxe5 30. Bc3 Re8 31. Nxe8 Kd7 32. N6xc7 Kc6 33. Bxe5
Kc5 34. Nf6 Nh6 35. Nxh7 Ng4 36. Qxg4 Kc6 37. Qc4+ Kd7 38. Nf6+ Ke7 39. Qc5+ Kf7
40. Qxb6 Kg6 41. Qxa5 Kf5 42. e4+ Kg5 43. Bf4+ Kg6 44. Qf5+ Kf7 45. e5 Ke7 46.
Qe6+ Kd8 47. Qd7# 1-0

[Event "Let's Play Chess!"]
[Site "http://www.queenalice.com/game.php?id=1615610"]
[Date "2020.6.8"]
[Round "-"]
[White "Jules2006"]
[Black "Clement0309"]
[Result "1-0"]
[WhiteElo "1439"]
[BlackElo "1519"]

1. b4 b6 2. g3 Na6 3. Bg2 Bb7 4. Bxb7 Rb8 5. Bxa6 g6 6. Bb2 Nf6 7. e4 Bg7 8. e5
Ne4 9. f3 Ng5 10. d4 O-O 11. d5 Bh6 12. e6 dxe6 13. f4 Ne4 14. g4 Bxf4 15. Qd4
Be5 16. Qxe5 f6 17. Qxe4 exd5 18. Qe6+ Kh8 19. g5 d4 20. Nf3 Qd6 21. Nxd4 Qxb4+
22. Bc3 Qa4 23. Bb5 Qa3 24. Nxa3 Rfd8 25. Nc6 Rd3 26. Bb2 Rd6 27. Qxe7 Rd5 28.
Qe6 Rxg5 29. Bxf6# 1-0

[Event "Challenge"]
[Site "http://www.queenalice.com/game.php?id=1615637"]
[Date "2020.6.8"]
[Round "-"]
[White "Jules2006"]
[Black "Clement0309"]
[Result "0-1"]
[WhiteElo "1456"]
[BlackElo "1514"]

1. b4 e6 2. c3 Na6 3. Bb2 b6 4. c4 Bxb4 5. Bxg7 Qh4 6. Bxh8 Bc5 7. g3 Qh6 8. Bg2
Bb7 9. Bxb7 Rb8 10. Bxa6 Nf6 11. Qc2 Ng4 12. h4 Bb4 13. f3 Nf6 14. Qb2 Ng8 15.
Bg7 Qg6 16. Be5 c5 17. Bxb8 Nf6 18. Bb5 Nh5 19. Bc7 Nxg3 20. Rh3 Nh5 21. Qb3
Qxg1# 0-1

[Event "Challenge"]
[Site "http://www.queenalice.com/game.php?id=1615641"]
[Date "2020.6.8"]
[Round "-"]
[White "Jules2006"]
[Black "Clement0309"]
[Result "0-1"]
[WhiteElo "1434"]
[BlackElo "1528"]

1. b4 b6 2. Bb2 Bb7 3. h4 Na6 4. Rh3 Nh6 5. g3 d6 6. Nf3 Qd7 7. e4 e6 8. e5 Be7
9. exd6 Bxd6 10. Bxg7 Rg8 11. Bxh6 Nxb4 12. c4 Be4 13. Be2 Nc2+ 14. Kf1 Nxa1 15.
Nc3 Bc2 16. Qxa1 O-O-O 17. Bg5 Rde8 18. Qc1 Bf5 19. Rh2 Qc6 20. Qa3 Bxa3 21. Nb1
Bb2 22. Na3 Bxa3 23. Nd4 Qc5 24. Nxf5 Qxf5 25. c5 Bxc5 26. Ba6+ Kb8 27. Bb5 Rc8
28. Ke2 Qe5+ 29. Be3 Rcd8 30. Kd1 Qd5 31. Ba4 Ba3 32. Bc2 Qxa2 33. Bd3 Rd7 34.
Bb5 Rd5 35. Bc6 Rd6 36. Bf3 Rgd8 37. Bg5 R8d7 38. d4 Rxd4+ 39. Ke1 Rb4 40. Bf4
Rb1+ 41. Bd1 Rdxd1# 0-1

[Event "Challenge"]
[Site "http://www.queenalice.com/game.php?id=1615642"]
[Date "2020.6.8"]
[Round "-"]
[White "Jules2006"]
[Black "Clement0309"]
[Result "1-0"]
[WhiteElo "1391"]
[BlackElo "1540"]

1. b4 e6 2. Bb2 Na6 3. g4 b6 4. Bg2 Rb8 5. f4 Nxb4 6. c3 Na6 7. c4 Nb4 8. Bc3
Nc6 9. Qa4 Nh6 10. Qb3 Bb7 11. h4 Nxg4 12. Rh3 Ba6 13. Rg3 Qxh4 14. Kd1 Qxg3 15.
Nf3 Qxg2 16. Ne1 Qg1 17. d3 Ne7 18. e3 Nxe3+ 19. Kd2 Qf2+ 20. Kc1 N7f5 21. Na3
Qxf4 22. Rb1 Ng3 23. Rb2 Qg4 24. Nb5 Rc8 25. Nxa7 Ra8 26. Nb5 Nef1 27. Nxc7+ Kd8
28. Nxa8 Qf4+ 29. Bd2 Qf2 30. Nxb6 Bb7 31. Bg5+ Ke8 32. Rxf2 f6 33. Bh4 Nh1 34.
Rxf1 Bd6 35. Rxh1 Bxh1 36. Bf2 Bf4+ 37. Kc2 h5 38. Bc5 1-0

[Event "Challenge"]
[Site "http://www.queenalice.com/game.php?id=1633884"]
[Date "2020.11.22"]
[Round "-"]
[White "Clement0309"]
[Black "Jules2006"]
[Result "1-0"]
[WhiteElo "1462"]
[BlackElo "1491"]

1. e4 e5 2. Nc3 Nf6 3. Nf3 Nc6 4. d4 d5 5. dxe5 Nxe5 6. Nxe5 dxe4 7. Bb5+ c6 8.
Nxc6 bxc6 9. Bxc6+ Bd7 10. Bxa8 Qxa8 11. O-O Bc5 12. Bg5 Ng4 13. Nxe4 Qxe4 14.
Re1 Nxf2 15. Qd2 Be3 16. Qa5 f6 17. Bxe3 Ng4 18. Bxa7 Qe7 19. Rxe7+ Kxe7 20.
Bc5+ Kf7 21. Qa7 Rd8 22. Rd1 Ne5 23. b4 g5 24. b5 f5 25. b6 Nc6 26. Rxd7+ Rxd7
27. Qxd7+ Kg6 28. Qxc6+ Kh5 29. b7 f4 30. b8=Q g4 31. Qbe8+ Kh4 32. Qf6# 1-0

[Event "Challenge"]
[Site "http://www.queenalice.com/game.php?id=1633885"]
[Date "2020.11.22"]
[Round "-"]
[White "Jules2006"]
[Black "Clement0309"]
[Result "1-0"]
[WhiteElo "1475"]
[BlackElo "1478"]

1. e4 Nf6 2. e5 Nc6 3. exf6 exf6 4. Nf3 Bb4 5. Nc3 O-O 6. Bc4 Bc5 7. O-O Re8 8.
Re1 d6 9. d4 Nxd4 10. Nxd4 Bg4 11. Qxg4 Rxe1+ 12. Bf1 Qe8 13. Nf3 Bxf2+ 14. Kxf2
Rd8 15. Nxe1 Qe7 16. Nd5 Qe5 17. Bc4 Re8 18. Bf4 Qxe1+ 19. Rxe1 Rf8 20. Ne7+ Kh8
21. Nf5 g6 22. Nh6 f5 23. Be5+ f6 24. Bxf6+ Rxf6 25. Qd4 Kg7 26. Ng4 c5 27.
Qxf6# 1-0